Environmental surveillance (Record no. 17379)

000 -LEADER
fixed length control field 00221nam a22000857a 4500
003 - CONTROL NUMBER IDENTIFIER
control field ASAB
005 - DATE AND TIME OF LATEST TRANSACTION
control field 20170421132708.0
008 - FIXED-LENGTH DATA ELEMENTS--GENERAL INFORMATION
fixed length control field 150917t xxu||||| |||| 00| 0 eng d
020 ## - INTERNATIONAL STANDARD BOOK NUMBER
International Standard Book Number 81-313-0006-4
040 ## - CATALOGING SOURCE
Transcribing agency ASAB
082 ## - DEWEY DECIMAL CLASSIFICATION NUMBER
Classification number 363.17
100 ## - MAIN ENTRY--PERSONAL NAME
Personal name Dilip kumar markandey
9 (RLIN) 1191
245 ## - TITLE STATEMENT
Title Environmental surveillance
Statement of responsibility, etc. by Dilip Kumar Markandey
260 ## - PUBLICATION, DISTRIBUTION, ETC.
Place of publication, distribution, etc. New Delhi
Name of publisher, distributor, etc. A.P.H Publishing Corporation
Date of publication, distribution, etc. c2006
300 ## - PHYSICAL DESCRIPTION
Extent Various Pages
440 ## - SERIES STATEMENT/ADDED ENTRY--TITLE
Volume/sequential designation 3 volume set
942 ## - ADDED ENTRY ELEMENTS (KOHA)
Source of classification or shelving scheme
Koha item type Book
Holdings
Withdrawn status Lost status Source of classification or shelving scheme Damaged status Not for loan Collection code Permanent Location Current Location Date acquired Total Checkouts Full call number Barcode Date last seen Price effective from Koha item type
            Atta-ur-Rahman School of Applied Biosciences (ASAB) Atta-ur-Rahman School of Applied Biosciences (ASAB) 09/17/2015   363.17 KUM ASAB2250 04/21/2017 09/17/2015 Book
© 2023 Central Library, National University of Sciences and Technology. All Rights Reserved.